Khảo luận về thời đại Xuân Thu Chiến Quốc /

Kaydedildi:
Detaylı Bibliyografya
Yazar: Ngô Nguyên Phi.
Materyal Türü: Kitap
Dil:Vietnamese
Baskı/Yayın Bilgisi: Tp.HCM : Nxb Trẻ, 1999.
Konular:
Etiketler: Etiketle
Etiket eklenmemiş, İlk siz ekleyin!
Thư viện lưu trữ: Mạng thư viện Đại học Đà Nẵng
LEADER 00913cam a2200349 i 4500
001 000046611
003 6109
005 20031006072421.0
008 010307b1999 vm 000 vie
020 |c 100000 
022 |a T 
040 |a IRC  |c IRC  |d IRC 
041 0 |a vie 
082 1 4 |a 895.101  |b NG-P 
100 1 |a Ngô Nguyên Phi. 
245 0 0 |a Khảo luận về thời đại Xuân Thu Chiến Quốc /  |c Ngô Nguyên Phi. 
260 |a Tp.HCM :  |b Nxb Trẻ,  |c 1999. 
300 |a 1167tr. ;  |c 20.5cm. 
630 0 4 |a Văn học Trung Quốc. 
630 0 4 |a Xuân Thu chiến quốc. 
630 0 4 |a Khảo luận. 
650 0 4 |a Văn học Trung Quốc  |x Khảo luận. 
OWN |a DUT 
999 |a From the UDN01 
TYP |a Monograph 
TYP |a Printed language 
980 |a Mạng thư viện Đại học Đà Nẵng